Все песни группы "Король и Шут" - Statistics

General Stats
  • This quiz has been taken 154 times
  • The average score is 38 of 207
Answer Stats
Намекать Отвечать % Correct
Будь как дома, Путник... Лесник
86%
Акустический альбом Кукла колдуна
83%
Камнем по голове Камнем по голове
83%
Камнем по голове Дурак и молния
76%
Акустический альбом Прыгну со скалы
58%
Акустический альбом Ели мясо мужики
58%
Акустический альбом Ведьма и Осёл
57%
Как в старой сказке Проклятый старый дом
53%
Жаль, нет ружья Мёртвый Анархист
53%
Театръ демона Танец злобного гения
50%
Продавец кошмаров Ром
48%
Жаль, нет ружья Жаль, нет Ружья!
47%
Герои и Злодеи | Как в старой сказке Воспоминания о былой любви
45%
Бунт на корабле Северный флот
45%
Бунт на корабле Бунт на корабле!
45%
Камнем по голове Смельчак и ветер
43%
Будь как дома, Путник... Король и Шут
43%
Камнем по голове Два вора и монета
40%
Как в старой сказке Гимн шута
40%
Продавец кошмаров Продавец кошмаров
39%
Продавец кошмаров Марионетки
37%
Акустический альбом Утренний рассвет
36%
Тень клоуна Тень клоуна
36%
Акустический альбом | Камнем по голове Мотоцикл
35%
Будь как дома, Путник... Охотник
35%
Продавец кошмаров Джокер
35%
Будь как дома, Путник... Валет и дама
33%
Будь как дома, Путник... Отец и маски
33%
Бунт на корабле Хозяин леса
33%
ТODD. Акт 2. На краю На Краю
33%
Акустический альбом Тяни!
31%
Как в старой сказке Похороны панка
31%
Жаль, нет ружья Медведь
31%
Тень клоуна Фред
31%
Театръ демона Фокусник
31%
Будь как дома, Путник... Сапоги мертвеца
30%
Акустический альбом Наблюдатель
30%
Жаль, нет ружья Некромант
30%
Камнем по голове Мария
29%
Продавец кошмаров Отражение
29%
Акустический альбом Забытые ботинки
28%
Акустический альбом Сосиска
26%
Камнем по голове | Страшные сказки Садовник
25%
Как в старой сказке Тайна хозяйки старинных часов
25%
Бунт на корабле Звонок
24%
Тень клоуна Дагон
24%
Камнем по голове | Страшные сказки Внезапная голова
23%
Камнем по голове Шар голубой
23%
Будь как дома, Путник... Два друга и разбойники
23%
Герои и Злодеи Невеста палача
23%
Жаль, нет ружья Волосокрад
23%
Бунт на корабле Хардкор по-русски
23%
Камнем по голове Леший обиделся
22%
Камнем по голове | Страшные сказки Любовь и пропеллер
22%
Акустический альбом Песня мушкетёров
22%
Бунт на корабле Месть Гарри
22%
Продавец кошмаров Маска
22%
Камнем по голове Злодей и шапка
21%
Акустический альбом Девушка и Граф
21%
Жаль, нет ружья Утопленник
21%
Бунт на корабле Хороший пират - мёртвый пират
21%
ТODD. Акт 1. Праздник Крови Счастье
21%
Камнем по голове Блуждают тени
20%
Акустический альбом Голые коки
19%
Герои и Злодеи Помнят с горечью древляне
19%
Как в старой сказке Кузьма и барин
19%
Как в старой сказке Возвращение колдуна
19%
Как в старой сказке Два монаха в одну ночь
19%
Камнем по голове От женщин кругом голова
19%
Акустический альбом Спятил отец
18%
Камнем по голове | Страшные сказки Проказник скоморох
18%
Герои и Злодеи Мастер приглашает в гости
18%
Как в старой сказке Рогатый
18%
Как в старой сказке Пивной череп
18%
Жаль, нет ружья Вдова и Горбун
18%
ТODD. Акт 1. Праздник Крови Добрые Люди
18%
Герои и Злодеи Кузнец
17%
Камнем по голове Рыбак
17%
Будь как дома, Путник... Собрание
17%
Камнем по голове | Страшные сказки Верная жена
16%
Будь как дома, Путник... Инструмент
16%
Как в старой сказке Скотный двор
16%
Тень клоуна Двое против всех
16%
ТODD. Акт 1. Праздник Крови Пирожки От Ловетт
16%
ТODD. Акт 1. Праздник Крови Машина Смерти
16%
Бунт на корабле Идол
16%
Акустический альбом Бедняжка
15%
Камнем по голове Холодное тело
15%
Как в старой сказке Парень и леший
15%
Бунт на корабле Исповедь вампира
15%
ТODD. Акт 1. Праздник Крови Праздник Крови
15%
Как в старой сказке Пират
15%
Будь как дома, Путник... Паника в селе
14%
Акустический альбом Екатерина
14%
Акустический альбом Карапуз
14%
Герои и Злодеи Дед на свадьбе
14%
Жаль, нет ружья Пьянка
14%
Продавец кошмаров Писатель Гудвин
14%
Тень клоуна Кода
14%
Тень клоуна Тринадцатая рана
14%
Будь как дома, Путник... Помоги мне!
13%
Будь как дома, Путник... Он не знает, что такое жить!
13%
Камнем по голове | Страшные сказки В доме суета
13%
Как в старой сказке Двухголовый отпрыск
13%
Жаль, нет ружья Защитник Свиней
13%
Жаль, нет ружья Генрих и Смерть
13%
Жаль, нет ружья Вино хоббитов
13%
Бунт на корабле Инквизитор
13%
Театръ демона Энди Кауфман
13%
Театръ демона Мадам Жоржетт
13%
ТODD. Акт 2. На краю Смерть На Балу
13%
Продавец кошмаров Дочка вурдалака
13%
Будь как дома, Путник... Весёлые тролли
12%
Акустический альбом Прерванная любовь, или Арбузная корка
12%
Тень клоуна AMTV
12%
Как в старой сказке Зловещий кузен
12%
Бунт на корабле Муха - маленькая птичка
12%
Продавец кошмаров | Страшные сказки Гробовщик
12%
Продавец кошмаров Свой среди чужих
12%
Продавец кошмаров Город мертвецов / Красавец-мерзавец
12%
Тень клоуна Полутень клоуна
12%
Камнем по голове С тех пор как он ушёл
12%
Камнем по голове Лесные разбойники
11%
Жаль, нет ружья Водяной
11%
Бунт на корабле Задира и солдат
11%
Бунт на корабле Раненый воин
11%
Театръ демона Защитники
11%
Будь как дома, Путник... Истинный убийца
10%
Будь как дома, Путник... История о мёртвой женщине
10%
Будь как дома, Путник... Кукольный театр
10%
Театръ демона Тёмный учитель
10%
Герои и Злодеи Разговор с гоблином
9%
Герои и Злодеи Что видел малыш
9%
Герои и Злодеи Про Ивана
9%
Жаль, нет ружья Мой Характер
9%
Бунт на корабле Волшебный глаз старика Алонса
9%
Бунт на корабле Рыцарь
9%
Герои и Злодеи Вор, граф и графиня
8%
Герои и Злодеи Запрет отца
8%
Герои и Злодеи Бродяга и старик
8%
Герои и Злодеи Смерть халдея
8%
Как в старой сказке Ответ - лютая месть!
8%
Жаль, нет ружья Смешной Совет
8%
Жаль, нет ружья Песенка пьяного деда
8%
Продавец кошмаров Та, что смотрит из пруда
8%
Продавец кошмаров Пляски на могиле
8%
Продавец кошмаров Матёрый волк
8%
Тень клоуна Домой, в Париж...
8%
Тень клоуна Ричард Гордон
8%
Тень клоуна Санта Клаус
8%
Театръ демона Театральный демон
8%
Театръ демона Бал лицемеров
8%
ТODD. Акт 2. На краю Маленький Остров
8%
ТODD. Акт 2. На краю Христова Невеста
8%
Жаль, нет ружья Представляю Я
7%
Жаль, нет ружья Разборки из-за Баб
7%
Тень клоуна Ходит зомби
7%
Тень клоуна Смешной пистолет
7%
Тень клоуна Суфлёр
7%
Театръ демона Король вечного сна
7%
ТODD. Акт 2. На краю Небесный Суд
7%
Будь как дома, Путник... Сказка про дракона
6%
Продавец кошмаров Хозяин таверны
6%
Театръ демона Киногерой
6%
ТODD. Акт 1. Праздник Крови Баллада о Бедном Цирюльнике
6%
ТODD. Акт 1. Праздник Крови Новая Пирожковая
6%
ТODD. Акт 2. На краю Выход Судьи
6%
Продавец кошмаров | Страшные сказки В гостях у соседа
5%
Тень клоуна Невидимка
5%
Тень клоуна Вестник
5%
Театръ демона Послание
5%
Театръ демона Бунтарь
5%
Страшные сказки Три Фельдшера
5%
ТODD. Акт 1. Праздник Крови Признание Ловетт
5%
Страшные сказки Сказка о Мертвеце
4%
Страшные сказки В Доме Смерть
4%
ТODD. Акт 1. Праздник Крови Каторжник
4%
ТODD. Акт 2. На краю Священник Больше Ничего Не Скажет
4%
ТODD. Акт 2. На краю Смерть Ловетт
4%
Как в старой сказке Кто всё это придумал
3%
Тень клоуна Полутень зомби
3%
Страшные сказки Королева-Ведьма
3%
Страшные сказки Скупой
3%
Страшные сказки Солдат и Чёрт
3%
Страшные сказки Кобылья голова
3%
Страшные сказки Мёртвый жених
3%
Страшные сказки Чёрт и Мужик
3%
Страшные сказки Сапоги Колдуна
3%
Страшные сказки Рассказ о Ведьме
3%
ТODD. Акт 1. Праздник Крови Смертный Приговор
3%
ТODD. Акт 1. Праздник Крови Первая Кровь
3%
ТODD. Акт 2. На краю Неупокоенный
3%
ТODD. Акт 2. На краю Почему Ты Жива
3%
Тень клоуна Полутень заговор в суде
2%
Страшные сказки Солдат и Колдун
2%
Страшные сказки Скрипач в Аду
2%
Тень клоуна Клеймённым огнём
1%
No matching quizzes found
Score Distribution
Percent of People with Each Score
Percentile by Number Answered
Your Score History
You have not taken this quiz